UBT Library

Exploring psychology in modules / (Record no. 47043)

000 -LEADER
fixed length control field 00891cam a2200277 i 4500
001 - CONTROL NUMBER
control field 18863264
005 - DATE AND TIME OF LATEST TRANSACTION
control field 20180813073302.0
008 - FIXED-LENGTH DATA ELEMENTS--GENERAL INFORMATION
fixed length control field 151118s2016 nyua b 001 0 eng
010 ## - LIBRARY OF CONGRESS CONTROL NUMBER
LC control number 2015957828
020 ## - INTERNATIONAL STANDARD BOOK NUMBER
International Standard Book Number 9781464154386
020 ## - INTERNATIONAL STANDARD BOOK NUMBER
International Standard Book Number 1464154384
035 ## - SYSTEM CONTROL NUMBER
System control number (OCoLC)ocn936711467
040 ## - CATALOGING SOURCE
Original cataloging agency ZNC
Transcribing agency ZNC
Modifying agency DLC
041 ## - LANGUAGE CODE
Language code of text/sound track or separate title eng
042 ## - AUTHENTICATION CODE
Authentication code lccopycat
080 ## - UNIVERSAL DECIMAL CLASSIFICATION NUMBER
Universal Decimal Classification number 159.9
082 ## - DEWEY DECIMAL CLASSIFICATION NUMBER
Edition number 159.9
100 1# - Rafti
Rafti 48
101 ## - Shkurtesa
Shkurtesa PSI
245 10 - TITLE STATEMENT
Title Exploring psychology in modules /
Statement of responsibility, etc David G. Myers, Hope College, Holland, Michigan , C. Nathan DeWall, University of Kentucky, Lexington, Kentucky.
504 ## - BIBLIOGRAPHY, ETC. NOTE
Bibliography, etc Includes bibliographical references and indexes.
906 ## - LOCAL DATA ELEMENT F, LDF (RLIN)
a 7
b cbc
c copycat
d 3
e ncip
f 20
g y-gencatlg
942 ## - ADDED ENTRY ELEMENTS (KOHA)
Source of classification or shelving scheme
Item type Books
Holdings
Withdrawn status Lost status Source of classification or shelving scheme Damaged status Not for loan Collection code Permanent location Current location Shelving location Date acquired Total Checkouts Full call number Barcode Date last seen Price effective from Koha item type
          Koleksioni i përgjithshem UBT - Lipjan UBT - Lipjan Koleksioni i përgjithshem 08/13/2018   159.9 MYE 002-3010887 08/13/2018 08/13/2018 Books
UBT Library © 2015-2024. All rights reserved University Education for Business and Technology